000 00326nam a22001457a 4500
008 210527b ||||| |||| 00| 0 eng d
020 _a0716712288
041 _aeng
080 _a621
082 _a621
100 _a26
101 _aMEK
245 _aEnergy in Transition 1985-2010
_cClaudia B. Anderson
942 _2udc
_cBK
999 _c57723
_d57723